Top 100 FIFA footballers 2019 - Statistics

General Stats
  • This quiz has been taken 322 times
  • The average score is 48 of 100
Answer Stats
Rank Player Club Nationality % Correct
4 Cristiano Ronaldo Juventus Portugal
90%
1 Lionel Messi Barcelona Argentina
90%
19 Son Heung-min Tottenham South Korea
88%
15 Harry Kane Tottenham England
85%
3 Sadio Mane Liverpool Senegal
82%
5 Mohamed Salah Liverpool Egypt
81%
31 Neymar PSG Brazil
80%
2 Virgil Van Dijk Liverpool Netherlands
80%
16 Bernardo Silva Man City Portugal
79%
46 David Silva Man City Spain
79%
6 Kylian Mbappe PSG France
79%
68 Thiago Silva PSG Brazil
79%
7 Robert Lewandowski Bayern Munich Poland
78%
14 Eden Hazard Real Madrid Belgium
76%
13 Sergio Aguero Man City Argentina
75%
12 Kevin De Bruyne Man City Belgium
73%
45 Luka Modric Real Madrid Croatia
72%
26 Luis Suarez Barcelona Uruguay
70%
11 Roberto Firmino Liverpool Brazil
68%
9 Alisson Liverpool Brazil
67%
20 Karim Benzema Real Madrid France
67%
8 Raheem Sterling Man City England
67%
10 Frenkie de Jong Barcelona Netherlands
66%
44 Toni Kroos Real Madrid Germany
66%
17 Trent Alexander-Arnold Liverpool England
66%
28 P-E Aubameyang Arsenal Gabon
63%
23 Andrew Robertson Liverpool Scotland
61%
36 Sergio Ramos Real Madrid Spain
61%
96 Zlatan Ibrahimovic LA Galaxy Sweden
60%
24 Jan Oblak Atletico Madrid Slovenia
59%
18 Matthijs de Ligt Juventus Netherlands
59%
22 N'Golo Kante Chelsea France
59%
49 Riyad Mahrez Man City Algeria
58%
32 Jadon Sancho Dortmund England
57%
21 M-A ter Stegen Barcelona Germany
56%
100 Philippe Coutinho Bayern Munich Brazil
56%
39 Angel Di Maria PSG Argentina
55%
25 Antoine Griezmann Barcelona France
55%
41 Christian Eriksen Tottenham Denmark
55%
48 Jamie Vardy Leicester England
54%
34 Fabinho Liverpool Brazil
53%
74 Jordan Henderson Liverpool England
53%
99 Alexandre Lacazette Arsenal France
52%
91 Leroy Sane Man City Germany
52%
30 Kalidou Koulibaly Napoli Senegal
51%
42 Paulo Dybala Juventus Argentina
51%
56 Edinson Cavani PSG Uruguay
50%
55 Paul Pogba Man United France
50%
51 Romelu Lukaku Inter Milan Belgium
50%
35 Joao Felix Atletico Madrid Portugal
48%
40 Ederson Man City Brazil
47%
29 Hakim Ziyech Ajax Morocco
46%
89 Dele Alli Tottenham England
45%
27 Dusan Tadic Ajax Serbia
45%
73 Raphael Varane Real Madrid France
45%
93 David de Gea Man United Spain
44%
37 Joshua Kimmich Bayern Munich Germany
44%
50 Miralem Pjanic Juventus Bosnia
44%
82 Gerard Pique Barcelona Spain
43%
58 Fernandinho Man City Brazil
40%
43 Georginio Wijnaldum Liverpool Netherlands
40%
98 Samir Handanovic Inter Milan Slovenia
40%
53 Erling Haaland Salzburg Norway
39%
75 Gabriel Jesus Man City Brazil
39%
88 Hugo Lloris Tottenham France
39%
85 Diego Godin Inter Milan Uruguay
38%
47 Lautaro Martinez Inter Milan Argentina
38%
80 Marco Reus Dortmund Germany
37%
60 Mauro Icardi PSG Argentina
37%
90 Achraf Hakimi Dortmund Morocco
36%
61 Casemiro Real Madrid Brazil
36%
79 Sergio Busquets Barcelona Spain
35%
76 Memphis Depay Lyon Netherlands
34%
78 Dries Mertens Napoli Belgium
33%
65 Jordi Alba Barcelona Spain
33%
59 Timo Werner Leipzig Germany
33%
63 Ciro Immobile Lazio Italy
31%
33 Donny van de Beek Ajax Netherlands
31%
81 Marco Verratti PSG Italy
31%
72 Marcus Rashford Man United England
31%
54 Aymeric Laporte Man City France
28%
84 Teemu Pukki Norwich Finland
28%
70 Giorgio Chiellini Juventus Italy
27%
95 Idrissa Gueye PSG Senegal
27%
62 Jorginho Chelsea Italy
27%
86 Kai Havertz Leverkusen Germany
27%
67 Lucas Moura Tottenham Brazil
27%
38 Serge Gnabry Bayern Munich Germany
27%
69 Bruno Fernandes Sporting Portugal
26%
71 Marquinhos PSG Brazil
26%
83 Jose Maria Gimenez Atletico Madrid Uruguay
23%
94 Fabio Quagliarella Sampdoria Italy
22%
97 Santi Cazorla Villarreal Spain
20%
64 Duvan Zapata Atalanta Colombia
17%
77 Arthur Barcelona Brazil
16%
57 Dani Alves Sao Paulo Brazil
13%
52 Gabriel Barbosa Flamengo Brazil
12%
87 Tammy Abraham Chelsea England
11%
92 Everton Gremio Brazil
9%
66 Bruno Henrique Flamengo Brazil
4%
No matching quizzes found
Score Distribution
Percent of People with Each Score
Percentile by Number Answered
Your Score History
You have not taken this quiz